00866 2200193 4500001002100000005001500021035002000036245004700056100001900103250001700122300002800139260003100167082000800198084001400206020002200220650001400242520040000256990001600656INLIS00000000000006320240424122827 a0010-04240000071 aKanguru Pohon Yang Sabar /cNelfi Syafrina0 aNelfi Syafrina acetakan ke-1 a36 hlm :bilus ;c19 cm aSolo :bTiga Ananda,c2018 a813 a813 NEL k a978-602-366-447-4 4aBuku Anak aKango, si kanguru pohon, sedang sedih. Ada beberapa teman yang sering mengejeknya. Dia pun berusaha tidak menghiraukannya dan tetap bersabar. Kango tetap berbuat baik kepada teman-temannya. Bahkan, berkat kesabaran dan kebaikan Kango itu, teman-teman akhirnya menyadari kesalahan mereka. Bagaimana hal itu terjadi? Kebaikan apa yang telah dilakukan Kango? Baca, yuk, kisah Kango selengkapnya! a00000000142